माफ़ करना पिताजी/ (Record no. 207107)
[ view plain ]
| 000 -LEADER | |
|---|---|
| fixed length control field | 00721nam a22001937a 4500 |
| 005 - DATE AND TIME OF LATEST TRANSACTION | |
| control field | 20241128112345.0 |
| 010 ## - LCCN (DPL NO) | |
| LC control number | HIN-128856 |
| 020 ## - INTERNATIONAL STANDARD BOOK NUMBER | |
| International Standard Book Number | 9798888159668 |
| Terms of availability | 210.00 |
| 035 ## - SYSTEM CONTROL NUMBER | |
| System control number | HN-101202 |
| 037 ## - SOURCE OF ACQUISITION | |
| Source of stock number/acquisition | DBAD |
| 082 ## - DEWEY DECIMAL CLASSIFICATION NUMBER | |
| Classification number | क |
| 100 ## - MAIN ENTRY--PERSONAL NAME | |
| Personal name | पाठक, दिनेश |
| 245 ## - TITLE STATEMENT | |
| Title | माफ़ करना पिताजी/ |
| Statement of responsibility, etc | दिनेश पाठक |
| 250 ## - EDITION STATEMENT | |
| Edition statement | प्रथम |
| 260 ## - PUBLICATION, DISTRIBUTION, ETC. (IMPRINT) | |
| Place of publication, distribution, etc | मद्रास |
| Name of publisher, distributor, etc | एक्सप्रेस पब्लिशिंग |
| Date of publication, distribution, etc | 2022 |
| 270 ## - ADDRESS | |
| Address | नं.-8, 3-क्रॉस स्ट्रीट |
| City | मद्रास |
| Postal code | 600004 |
| Telephone number | 4446315631 |
| 300 ## - PHYSICAL DESCRIPTION | |
| Extent | 104 पृ. |
| Dimensions | 21 सेमी (अजिल्द) |
| 942 ## - ADDED ENTRY ELEMENTS (KOHA) | |
| Source of classification or shelving scheme | Dewey Decimal Classification |
| Item type | Hindi Books |
| Classification part | क |
| Call number suffix | पाठक |
| Withdrawn status | Lost status | Not for loan | Collection code | Home library | Current library | Date acquired | Source of acquisition | Cost, normal purchase price | Full call number | Barcode | Copy number | Cost, replacement price | Koha item type |
|---|---|---|---|---|---|---|---|---|---|---|---|---|---|
| Fiction | Bawana | Bawana | 28/11/2024 | DBAD | 210.00 | क पाठक | HN-101202 | 1 | 210.00 | Hindi Books |
